| 000 | 00668cam a2200229 i 4500 | ||
|---|---|---|---|
| 001 | 3717491 | ||
| 005 | 20180103034754.0 | ||
| 008 | 800925s1980 nyua b 001 0 eng | ||
| 010 | _a 80023150 | ||
| 020 | _a0125898800 | ||
| 040 |
_aDLC _cDLC _dDLC _dOCoLC _dDLC |
||
| 041 | _aeng | ||
| 043 |
_an-us--- _an-us-co _an-us-wa |
||
| 080 | _a362.582 | ||
| 082 | 0 | 0 |
_a362.582 ROB _219 |
| 100 | _a55 | ||
| 101 | _aTAK | ||
| 245 | 0 | 2 |
_aA Guaranteed annual income : _cedited by Philip K. Robins ... [et al.]. |
| 504 | _aIncludes bibliographies and index. | ||
| 906 |
_a7 _bcbc _corignew _du _eocip _f19 _gy-gencatlg |
||
| 942 |
_2ddc _cBK |
||
| 999 |
_c39597 _d39597 |
||